<?xml version="1.0" encoding="UTF-8"?>
<record
    xmlns:xsi="http://www.w3.org/2001/XMLSchema-instance"
    xsi:schemaLocation="http://www.loc.gov/MARC21/slim http://www.loc.gov/standards/marcxml/schema/MARC21slim.xsd"
    xmlns="http://www.loc.gov/MARC21/slim">

  <leader>00649nam a22001217a 4500</leader>
  <datafield tag="040" ind1=" " ind2=" ">
    <subfield code="c">RUA</subfield>
  </datafield>
  <datafield tag="082" ind1=" " ind2=" ">
    <subfield code="a">RUA &#x1780;&#x17D2;&#x179A;&#x179F;&#x17BD;&#x1784; 2022 A126 Or.</subfield>
  </datafield>
  <datafield tag="100" ind1=" " ind2=" ">
    <subfield code="a">&#x1780;&#x17D2;&#x179A;&#x179F;&#x17BD;&#x1784;&#x1780;&#x179F;&#x17B7;&#x1780;&#x1798;&#x17D2;&#x1798;&#x179A;&#x17BB;&#x1780;&#x17D2;&#x1781;&#x17B6;&#x1794;&#x17D2;&#x179A;&#x1798;&#x17B6;&#x1789;&#x17CB; &#x1793;&#x17B7;&#x1784;&#x1793;&#x17C1;&#x179F;&#x17B6;&#x1791;,</subfield>
  </datafield>
  <datafield tag="245" ind1=" " ind2=" ">
    <subfield code="a">&#x179A;&#x1794;&#x17B6;&#x1799;&#x1780;&#x17B6;&#x179A;&#x178E;&#x17CD;&#x1794;&#x17BC;&#x1780;&#x179F;&#x179A;&#x17BB;&#x1794;&#x1780;&#x17B6;&#x179A;&#x1784;&#x17B6;&#x179A;&#x1780;&#x179F;&#x17B7;&#x1780;&#x1798;&#x17D2;&#x1798; &#x179A;&#x17BB;&#x1780;&#x17D2;&#x1781;&#x17B6;&#x1794;&#x17D2;&#x179A;&#x1798;&#x17B6;&#x1789;&#x17CB; &#x1793;&#x17B7;&#x1784;&#x1793;&#x17C1;&#x179F;&#x17B6;&#x1791; &#x1794;&#x17D2;&#x179A;&#x1785;&#x17B6;&#x17C6;&#x1786;&#x17D2;&#x1793;&#x17B6;&#x17C6;&#x17E2;&#x17E0;&#x17E2;&#x17E1; &#x1793;&#x17B7;&#x1784;&#x1791;&#x17B7;&#x179F;&#x178A;&#x17C5;&#x1780;&#x17B6;&#x179A;&#x1784;&#x17B6;&#x179A;&#x179F;&#x1798;&#x17D2;&#x179A;&#x17B6;&#x1794;&#x17CB;&#x1786;&#x17D2;&#x1793;&#x17B6;&#x17C6;&#x17E2;&#x17E0;&#x17E2;&#x17E2;</subfield>
  </datafield>
  <datafield tag="260" ind1=" " ind2=" ">
    <subfield code="a">PHNOM PENH</subfield>
    <subfield code="b">RUA</subfield>
    <subfield code="c">2022 </subfield>
  </datafield>
  <datafield tag="300" ind1=" " ind2=" ">
    <subfield code="a">109p.</subfield>
    <subfield code="b">ill.</subfield>
    <subfield code="c">29cm.</subfield>
  </datafield>
  <datafield tag="942" ind1=" " ind2=" ">
    <subfield code="c">REC</subfield>
  </datafield>
  <datafield tag="999" ind1=" " ind2=" ">
    <subfield code="c">25402</subfield>
    <subfield code="d">25402</subfield>
  </datafield>
  <datafield tag="952" ind1=" " ind2=" ">
    <subfield code="0">0</subfield>
    <subfield code="1">0</subfield>
    <subfield code="4">0</subfield>
    <subfield code="6">RUA_&#x1780;&#x179A;&#x179F;&#x17BD;&#x1784;_2022_000000000000000_A126_OR</subfield>
    <subfield code="7">0</subfield>
    <subfield code="9">105642</subfield>
    <subfield code="a">LBA</subfield>
    <subfield code="b">LBA</subfield>
    <subfield code="c">A126</subfield>
    <subfield code="d">2025-07-18</subfield>
    <subfield code="o">RUA &#x1780;&#x17D2;&#x179A;&#x179F;&#x17BD;&#x1784; 2022 A126 Or.</subfield>
    <subfield code="p">A084480</subfield>
    <subfield code="r">2025-07-18</subfield>
    <subfield code="y">REC</subfield>
  </datafield>
</record>
